[Event "TOP16-LaBourdannais"]
[Site "TOP16-LaBourdannais"]
[Date "2021.01.09"]
[Round "11"]
[White "ProfTerrieux"]
[Black "Babota"]
[Result "1-0"]
[WhiteElo "2405"]
[BlackElo "1943"]
[Annotator "TA"]
[PlyCount "119"]
[EventDate "2021.01.09"]
[EventType "blitz"]

{[%evp 11,119,-13,-11,-11,15,-26,22,12,20,18,21,-51,-50,-90,-49,-44,-48,-53,-54,-49,-39,-51,-38,-39,-21,-33,-22,-24,-33,-59,-51,-45,-52,-45,-50,-57,-20,-58,-47,-87,-54,-80,-87,-155,-145,-153,-131,-282,-207,-283,-152,-158,-150,-152,-138,-142,-143,-134,-140,-150,-120,-87,280,253,265,8,8,8,212,0,651,641,648,627,605,584,584,540,786,675,665,656,632,422,420,412,408,399,374,313,337,291,332,316,515,505,642,640,592,592,29966,29967,29971,29972,29972,839,5089,787,29971,29968]} 1. d4 d5 2. Bf4 c5 3. e3 Nc6 4. Nc3 a6 5. Nf3 e6 6. Be2 Nf6 7. O-O {D02: 1 d4 d5 2 Nf3 sidelines, including 2...Nf6 3 g3 and 2...Nf6 3 Bf4.} Bd6 8. Ne5 Qc7 {[%cal Rc6e5]} 9. Nxc6 {The position is equal.} Bxf4 10. exf4 {Hoping for Ne5.} Qxc6 {[#]} 11. f5 $146 ({White should try} 11. dxc5 $11 Qxc5 12. Bf3) ({Predecessor:} 11. Bf3 O-O 12. Re1 Bd7 13. dxc5 Qxc5 14. Ne2 Rac8 15. c3 Ne8 16. Qd4 Nd6 17. Qxc5 Rxc5 {½-½ (39) Hauge,L (2431)-Neiksans,A (2627) chess.com INT 2017}) 11... exf5 $15 12. Bf3 Be6 13. dxc5 Qxc5 14. Ne2 O-O 15. c3 Ne4 16. Nd4 b5 17. a3 a5 18. Nc2 Rfd8 19. Be2 Rab8 20. Bd3 g6 21. Qe2 Re8 22. Rfe1 Bd7 23. Qf3 h5 24. h3 Qc7 25. Re3 Bc6 26. Nd4 Qd6 27. Rae1 (27. Ree1 $142) 27... b4 $1 $17 28. axb4 axb4 29. h4 $2 (29. Qd1 $17) 29... bxc3 30. bxc3 Rb2 ({Not} 30... Nxc3 31. Bxf5 Rxe3 32. Qxe3 $17) (30... f4 $19 31. Nxc6 fxe3 32. Nxb8 exf2+ 33. Qxf2 Nxf2 34. Rxe8+ Kg7 35. Kxf2 Qf6+ {[%mdl 64] Double Attack} 36. Ke2 Qxh4) 31. Bc2 Ra8 32. R3e2 Ra3 33. Bxe4 dxe4 34. Qe3 Rxe2 35. Rxe2 f4 36. Qc1 Ba8 {[%mdl 8192]} (36... Ra4 $17 {and life is bright. Strongly threatening ...Bd5.} 37. Nxc6 f3 38. gxf3 Qxc6 39. Rxe4 Rxe4 40. fxe4 Qxe4) 37. Nb5 $1 $18 {[%csl LRa3,LRd6][%mdl 64] Double Attack} Qd3 {[#]} 38. Qxa3 $2 (38. Rd2 $1 $18 {[%cal Rd2d3]} Qxb5 39. Qxa3) 38... Qxe2 $11 39. Qxa8+ Kh7 $2 {[#] White now steadily converts the win.} (39... Kg7 $1 $11 {and Black is okay.}) 40. Qe8 $2 (40. Nd4 $1 $18 {[%cal Rd4e2]} Qe1+ 41. Kh2) 40... Qe1+ {[%mdl 8192]} (40... e3 $11 41. Qxf7+ Kh8) 41. Kh2 $18 Qxf2 42. Qxf7+ Kh6 43. Qf8+ Kh7 44. Qe7+ {[%mdl 64] Double Attack} Kh6 45. Qxe4 Qxh4+ 46. Kg1 Qg3 47. Qf3 Qg5 48. Nd4 Qe5 49. Ne2 g5 50. Qc6+ Kh7 51. Qd7+ Kh6 52. Qd3 g4 $2 (52... Kg7 53. Kf1 Kh6 54. Qa6+ Kh7) 53. Qd2 Kg5 54. g3 {[%cal Rg3f4]} Qc5+ 55. Kf1 h4 56. Qxf4+ Kh5 57. Qf7+ Kg5 58. Qg8+ (58. Qg7+ $142 Kf5 59. Nd4+ Ke4 60. Qxg4+ Kd3 61. Qf3+ Kc4 62. gxh4 Qd5 63. Qxd5+ Kxd5 64. h5) 58... Kf5 59. Qh7+ Kg5 60. Qxh4+ {Weighted Error Value: White=0.42/Black=0.57} 1-0

[Event "TOP16-LaBourdannais"]
[Site "TOP16-LaBourdannais"]
[Date "2021.01.09"]
[Round "11"]
[White "sFeller"]
[Black "PositionalChess"]
[Result "1-0"]
[WhiteElo "2077"]
[BlackElo "2128"]
[Annotator "TA"]
[PlyCount "101"]
[EventDate "2021.01.09"]
[EventType "blitz"]

{[%evp 9,101,-35,-17,-61,-69,-73,0,-16,-10,-18,-14,0,0,-14,28,2,70,71,62,58,88,94,92,89,101,79,89,85,125,122,118,95,152,159,139,125,177,50,169,162,173,0,100,90,290,289,286,289,276,283,287,285,322,303,315,312,306,299,325,300,386,386,484,324,321,321,311,289,560,571,598,598,658,658,592,639,804,795,29973,29973,29977,29978,29978,29979,29983,29984,29988,29989,29989,29979,29979,29980,6235,6322]} 1. e4 e6 2. e5 d6 3. exd6 Bxd6 4. d4 Nf6 5. Nf3 O-O {[#]} 6. g3 $146 {C00: French: Unusual White 2nd moves.} ({Predecessor:} 6. Nbd2 c5 7. Nc4 cxd4 8. Nxd6 Qxd6 9. Qxd4 Qxd4 10. Nxd4 Bd7 11. Be2 Nc6 12. Nxc6 Bxc6 {1-0 (53) Sedlak,N (2605)-Muckle,J (2373) Neustadt an der Weinstrasse 2019}) 6... c5 7. Bg2 Nc6 (7... cxd4 $17 {White should prevent ...e5.} 8. Qxd4 Nc6) 8. O-O $11 {The position is equal.} cxd4 9. Nxd4 Nxd4 10. Qxd4 e5 11. Qd3 Qe7 12. Nc3 Be6 (12... h6 $11) 13. Bg5 $14 Rad8 14. Ne4 Bf5 15. Nxf6+ gxf6 16. Qxf5 fxg5 17. Be4 {[%csl Ge4][%cal Rf5h7] [#]} f6 18. Rad1 Bc5 19. Kg2 Kh8 20. c3 a5 (20... b5 $142) 21. a3 $16 Bb6 22. Qf3 Rb8 (22... Rxd1 $16 23. Rxd1 f5 24. Bxf5 e4) 23. Rh1 (23. Rd5 $18) 23... Qg7 ({Black should try} 23... f5 $1 $14 24. Bxf5 e4 25. Qxe4 Qxe4+ 26. Bxe4 Rxf2+ 27. Kh3 Re8 28. Bxb7 Rxb2) 24. Bf5 $18 Rbd8 25. Be4 $2 (25. h4 $18) 25... Rxd1 (25... Rb8 $11 {remains equal.}) 26. Rxd1 $16 ({Don't play} 26. Qxd1 $6 f5 $11) 26... g4 $2 {A mistake that costs the game.} (26... f5 $16 27. Bxf5 (27. Bxb7 $2 e4 $19) 27... g4) 27. Qf5 $18 Rd8 28. Rxd8+ Bxd8 29. Qc8 {[%mdl 64] [#] Double Attack} Qc7 30. Qxg4 b6 31. h4 Qg7 32. Qc8 Qc7 33. Qf5 Qg7 34. h5 Be7 35. Qe6 Bd8 36. Bd5 {Intending Qe8+ and mate.} Qf8 37. h6 Bc7 38. Be4 {Hoping for Qd7!} Bd8 $2 (38... Bd6 {was necessary.} 39. Qd7 Be7) 39. b4 axb4 40. axb4 Be7 41. Qxb6 f5 42. Bd5 e4 43. Qe6 {And now b5 would win.} Bg5 44. c4 Bxh6 45. c5 f4 46. Bxe4 fxg3 47. fxg3 Bg7 48. c6 Bd4 49. Bf5 Bb6 50. Qe5+ Qg7 51. Qb8+ {[%mdl 64] Double Attack.  Weighted Error Value: White=0.17/Black=0.49} 1-0

[Event "TOP16-LaBourdannais"]
[Site "TOP16-LaBourdannais"]
[Date "2021.01.09"]
[Round "11"]
[White "MeMouss"]
[Black "jncool68"]
[Result "1-0"]
[WhiteElo "2013"]
[BlackElo "2378"]
[Annotator "NA RC"]
[PlyCount "81"]
[EventDate "2021.01.09"]
[EventType "blitz"]
[WhiteTeam "Vandoeuvre"]

{Me Mouss , Maître} 1. e4 {[%emt 0:00:04]} e5 {[%emt 0:00:06]} 2. Nf3 {[%emt 0:00:02]} Nc6 {[%emt 0:00:04]} 3. Bc4 {[%emt 0:00:01]} Nf6 {[%emt 0:00:03]} 4. Ng5 {[%emt 0:00:02]} d5 {[%emt 0:00:01]} 5. exd5 {[%emt 0:00:02]} Na5 {[%emt 0:00:01]} 6. Bb5+ {[%emt 0:00:01]} Bd7 {[%emt 0:00:00]} 7. Qe2 {[%emt 0:00:09]} Be7 {[%emt 0:00:01]} 8. Bxd7+ {[%emt 0:00:05]} Qxd7 {[%emt 0:00:03]} 9. Qxe5 {[%emt 0:00:05]} O-O {[%emt 0:00:10]} 10. O-O {[%emt 0:00:03]} Nxd5 {[%emt 0:00:11]} 11. Nf3 {[%emt 0:00:03]} Nc6 {[%emt 0:00:12]} 12. Qg3 {[%emt 0:00:18]} Bd6 {[%emt 0:00:24]} 13. Qh4 {[%emt 0:00:02]} Nf4 {[%emt 0:00:04]} 14. d3 {[%emt 0:00:07]} Ng6 {[%emt 0:00:29]} 15. Qh5 {[%emt 0:00:05] jncool68 reconnected.} Nb4 {[%emt 0:00:18]} 16. Na3 {[%emt 0:00:08]} Rae8 {[%emt 0:00:04]} 17. Ng5 {[%emt 0:00:07]} h6 {[%emt 0:00:04]} 18. Nf3 {[%emt 0:00:02]} Nd5 {[%emt 0:00:06]} 19. Nc4 {[%emt 0:00:06] jncool68 reconnected.} Ndf4 {[%emt 0:00:35]} 20. Bxf4 {[%emt 0:00:05]} Nxf4 {[%emt 0:00:00]} 21. Qh4 {[%emt 0:00:05]} Re2 {[%emt 0:00:25]} 22. Ne3 {[%emt 0:00:21]} c5 {[%emt 0:00:31]} 23. Rae1 {[%emt 0:00:05] jncool68 reconnected.} Re8 {[%emt 0:00:14]} 24. Rxe2 {[%emt 0:00:04]} Nxe2+ {[%emt 0:00:01]} 25. Kh1 {[%emt 0:00:01]} Qe6 {[%emt 0:00:08]} 26. b3 {[%emt 0:00:05]} Nf4 {[%emt 0:00:03]} 27. Qg4 {[%emt 0:00:11]} Qf6 {[%emt 0:00:09]} 28. Qd7 {[%emt 0:00:14]} Re6 {[%emt 0:00:26]} 29. Qxb7 {[%emt 0:00:12]} g6 {[%emt 0:00:01]} 30. Qxa7 {[%emt 0:00:11]} h5 {[%emt 0:00:12]} 31. Qa8+ {[%emt 0:00:02]} Kg7 {[%emt 0:00:01]} 32. h4 {[%emt 0:00:16]} Be5 {[%emt 0:00:19]} 33. Nd5 {[%emt 0:00:16] jncool68 reconnected.} Qf5 {[%emt 0:00:07]} 34. Nxf4 {[%emt 0:00:28]} Qxf4 {[%emt 0:00:01]} 35. Qe4 {[%emt 0:00:06]} Qf6 {[%emt 0:00:01]} 36. Nxe5 {[%emt 0:00:14]} Rxe5 {[%emt 0:00:00]} 37. Qc4 {[%emt 0:00:02]} Rf5 {[%emt 0:00:01]} 38. Kg1 {[%emt 0:00:03]} Rf4 {[%emt 0:00:01]} 39. Qxc5 {[%emt 0:00:04]} Rxh4 {[%emt 0:00:00]} 40. Re1 {[%emt 0:00:03]} Rg4 {[%emt 0:00:06]} 41. Qe5 {[%emt 0:00:02] jncool68 abandonne} 1-0

[Event "TOP16-LaBourdannais"]
[Site "TOP16-LaBourdannais"]
[Date "2021.01.09"]
[Round "11"]
[White "Soumcouy"]
[Black "Burrito2001"]
[Result "0-1"]
[WhiteElo "2010"]
[BlackElo "2009"]
[Annotator "NA RC"]
[PlyCount "74"]
[EventDate "2021.01.09"]
[EventType "blitz"]

1. d4 {[%emt 0:00:02]} d5 {[%emt 0:00:02]} 2. Nf3 {[%emt 0:00:01]} Nf6 {[%emt 0:00:01]} 3. Bf4 {[%emt 0:00:02]} c5 {[%emt 0:00:02]} 4. e3 {[%emt 0:00:02]} Nc6 {[%emt 0:00:01]} 5. Be2 {[%emt 0:00:07]} Bf5 {[%emt 0:00:31]} 6. O-O {[%emt 0:00:03]} e6 {[%emt 0:00:01]} 7. Nbd2 {[%emt 0:00:10]} Qb6 {[%emt 0:00:06]} 8. Rb1 {[%emt 0:00:15]} cxd4 {[%emt 0:00:17]} 9. exd4 {[%emt 0:00:03]} Be7 {[%emt 0:00:03]} 10. Nb3 {[%emt 0:00:10]} h6 {[%emt 0:00:04]} 11. Ne5 {[%emt 0:00:21]} Rc8 {[%emt 0:00:14]} 12. Bd3 {[%emt 0:00:29]} Bxd3 {[%emt 0:00:11]} 13. Qxd3 {[%emt 0:00:02]} Nb4 {[%emt 0:00:08]} 14. Qh3 {[%emt 0:00:10]} Rxc2 {[%emt 0:00:48]} 15. Rfe1 {[%emt 0:00:12]} Rc8 {[%emt 0:00:12]} 16. Re2 {[%emt 0:00:21]} a5 {[%emt 0:00:20]} 17. Rbe1 {[%emt 0:00:06]} O-O {[%emt 0:00:27]} 18. Nc5 {[%emt 0:00:17]} Bxc5 {[%emt 0:00:14]} 19. dxc5 {[%emt 0:00:02]} Qxc5 {[%emt 0:00:00]} 20. Bxh6 {[%emt 0:00:06]} Nc2 {[%emt 0:00:56]} 21. Qg3 {[%emt 0:01:06]} Nh5 {[%emt 0:00:24]} 22. Qg5 {[%emt 0:00:04]} Nxe1 {[%emt 0:00:03]} 23. Qxh5 {[%emt 0:00:01]} gxh6 {[%emt 0:00:15]} 24. Rxe1 {[%emt 0:00:47]} Qc1 {[%emt 0:00:03]} 25. Kf1 {[%emt 0:00:11]} Qg5 {[%emt 0:00:02]} 26. Qd1 {[%emt 0:00:25]} Rc7 {[%emt 0:00:18]} 27. g3 {[%emt 0:00:23]} Rfc8 {[%emt 0:00:03]} 28. Nd3 {[%emt 0:00:04]} Qg7 {[%emt 0:00:03]} 29. Kg2 {[%emt 0:00:03]} Rc2 {[%emt 0:00:02]} 30. Nf4 {[%emt 0:00:06]} Qxb2 {[%emt 0:00:11]} 31. Qf3 {[%emt 0:00:04]} Qc3 {[%emt 0:00:05]} 32. Re3 {[%emt 0:00:06]} Qg7 {[%emt 0:00:01]} 33. Nh5 {[%emt 0:00:02]} Qg6 {[%emt 0:00:01]} 34. Nf6+ {[%emt 0:00:08]} Kg7 {[%emt 0:00:02]} 35. Nh5+ {[%emt 0:00:01]} Kf8 {[%emt 0:00:01]} 36. Nf4 {[%emt 0:00:02]} Qf5 {[%emt 0:00:02]} 37. Nxe6+ {[%emt 0:00:01]} fxe6 {[%emt 0:00:01] Soumcouy abandonne (Lag: Av=0.79s, max=1.2s)} 0-1

[Event "TOP16-LaBourdannais"]
[Site "TOP16-LaBourdannais"]
[Date "2021.01.09"]
[Round "11"]
[White "Brunico2016"]
[Black "yvesandre2"]
[Result "0-1"]
[WhiteElo "1988"]
[BlackElo "2294"]
[Annotator "NA RC"]
[PlyCount "74"]
[EventDate "2021.01.09"]
[EventType "blitz"]

1. d4 {[%emt 0:00:00]} Nf6 {[%emt 0:00:02]} 2. c4 {[%emt 0:00:01]} e6 {[%emt 0:00:01]} 3. Nf3 {[%emt 0:00:01]} b6 {[%emt 0:00:06]} 4. g3 {[%emt 0:00:02]} Ba6 {[%emt 0:00:01]} 5. Qc2 {[%emt 0:00:02]} Bb7 {[%emt 0:00:10]} 6. Bg2 {[%emt 0:00:01]} c5 {[%emt 0:00:01]} 7. d5 {[%emt 0:00:01]} exd5 {[%emt 0:00:09]} 8. cxd5 {[%emt 0:00:03]} Bxd5 {[%emt 0:00:25]} 9. Nc3 {[%emt 0:00:15]} Bxf3 {[%emt 0:00:04]} 10. Bxf3 {[%emt 0:00:03]} Nc6 {[%emt 0:00:00]} 11. Qa4 {[%emt 0:00:08]} Rc8 {[%emt 0:00:08]} 12. Bf4 {[%emt 0:00:09]} Be7 {[%emt 0:00:29]} 13. Rd1 {[%emt 0:00:05]} O-O {[%emt 0:00:24]} 14. O-O {[%emt 0:00:01]} Nd4 {[%emt 0:00:43]} 15. Bg2 {[%emt 0:00:14]} b5 {[%emt 0:00:04]} 16. Qxa7 {[%emt 0:00:14]} b4 {[%emt 0:00:04]} 17. e3 {[%emt 0:00:45]} bxc3 {[%emt 0:00:12]} 18. exd4 {[%emt 0:00:01]} cxb2 {[%emt 0:00:55]} 19. Qb7 {[%emt 0:00:50]} c4 {[%emt 0:00:23]} 20. Qxb2 {[%emt 0:00:02]} d5 {[%emt 0:00:10]} 21. a4 {[%emt 0:00:09]} Ne4 {[%emt 0:00:25]} 22. Bxe4 {[%emt 0:00:15]} dxe4 {[%emt 0:00:01]} 23. d5 {[%emt 0:00:01]} Bd6 {[%emt 0:00:10]} 24. Bxd6 {[%emt 0:00:26]} Qxd6 {[%emt 0:00:00]} 25. Qd4 {[%emt 0:00:01]} f5 {[%emt 0:00:10]} 26. Rc1 {[%emt 0:00:03]} Qc5 {[%emt 0:00:04]} 27. Rfd1 {[%emt 0:00:08]} c3 {[%emt 0:00:27]} 28. Rc2 {[%emt 0:00:28]} Qxd4 {[%emt 0:00:05]} 29. Rxd4 {[%emt 0:00:01]} Rfd8 {[%emt 0:00:01]} 30. a5 {[%emt 0:00:16]} Kf7 {[%emt 0:00:02]} 31. a6 {[%emt 0:00:13]} Kf6 {[%emt 0:00:13]} 32. a7 {[%emt 0:00:56]} Ke5 {[%emt 0:00:02]} 33. Ra4 {[%emt 0:00:01]} Kxd5 {[%emt 0:00:03]} 34. Ra5+ {[%emt 0:00:02]} Kd4 {[%emt 0:00:08]} 35. Rxf5 {[%emt 0:00:04]} Kd3 {[%emt 0:00:05]} 36. Rc1 {[%emt 0:00:01]} Kd2 {[%emt 0:00:01]} 37. Ra1 {[%emt 0:00:01]} c2 {[%emt 0:00:03] Brunico2016 abandonne (Lag: Av=0.57s, max=1.2s)} 0-1

[Event "TOP16-LaBourdannais"]
[Site "TOP16-LaBourdannais"]
[Date "2021.01.09"]
[Round "11"]
[White "Pierre35"]
[Black "Lyon-YOUNES"]
[Result "1-0"]
[WhiteElo "1965"]
[BlackElo "1931"]
[Annotator "NA RC"]
[PlyCount "99"]
[EventDate "2021.01.09"]
[EventType "blitz"]

1. e4 {[%emt 0:00:01]} g6 {[%emt 0:00:01]} 2. d4 {[%emt 0:00:01]} Bg7 {[%emt 0:00:00]} 3. Nf3 {[%emt 0:00:01]} d6 {[%emt 0:00:01]} 4. Bc4 {[%emt 0:00:01]} Nf6 {[%emt 0:00:01]} 5. Qe2 {[%emt 0:00:01]} O-O {[%emt 0:00:01]} 6. e5 {[%emt 0:00:01]} Nfd7 {[%emt 0:00:02]} 7. Nc3 {[%emt 0:00:13]} Nb6 {[%emt 0:00:05]} 8. Bb3 {[%emt 0:00:02]} dxe5 {[%emt 0:00:06]} 9. dxe5 {[%emt 0:00:01]} Nc6 {[%emt 0:00:22]} 10. e6 {[%emt 0:00:49]} Bxe6 {[%emt 0:00:24]} 11. Bxe6 {[%emt 0:00:03]} fxe6 {[%emt 0:00:01]} 12. Qxe6+ {[%emt 0:00:15]} Kh8 {[%emt 0:00:02]} 13. Be3 {[%emt 0:00:14]} Qd6 {[%emt 0:00:46]} 14. Ng5 {[%emt 0:00:20]} Qb4 {[%emt 0:01:36]} 15. O-O {[%emt 0:01:06]} Qxb2 {[%emt 0:00:09]} 16. Nce4 {[%emt 0:00:09]} Qe5 {[%emt 0:00:55]} 17. Rae1 {[%emt 0:00:17]} Qxe6 {[%emt 0:00:28]} 18. Nxe6 {[%emt 0:00:00]} Rfc8 {[%emt 0:00:03]} 19. N4c5 {[%emt 0:00:14]} Rab8 {[%emt 0:00:11]} 20. Bf4 {[%emt 0:00:05]} Nd5 {[%emt 0:00:03]} 21. Bg3 {[%emt 0:00:09]} Bf6 {[%emt 0:00:04]} 22. Nd7 {[%emt 0:00:18]} Ra8 {[%emt 0:00:07]} 23. c4 {[%emt 0:00:03]} Nb6 {[%emt 0:00:03]} 24. Nxf6 {[%emt 0:00:08]} exf6 {[%emt 0:00:00]} 25. Nxc7 {[%emt 0:00:01]} Rab8 {[%emt 0:00:06]} 26. c5 {[%emt 0:00:20]} Nc4 {[%emt 0:00:04]} 27. Nd5 {[%emt 0:00:05]} Ra8 {[%emt 0:00:08]} 28. Nxf6 {[%emt 0:00:23]} Kg7 {[%emt 0:00:02]} 29. Ne4 {[%emt 0:00:19]} Nd4 {[%emt 0:00:13]} 30. f3 {[%emt 0:00:29]} b6 {[%emt 0:00:06]} 31. Bf2 {[%emt 0:00:01]} Nf5 {[%emt 0:00:04]} 32. g4 {[%emt 0:00:05]} Nh6 {[%emt 0:00:08]} 33. Bd4+ {[%emt 0:00:02]} Kg8 {[%emt 0:00:07]} 34. Nf6+ {[%emt 0:00:01]} Kf7 {[%emt 0:00:03]} 35. Nxh7 {[%emt 0:00:03]} bxc5 {[%emt 0:00:02]} 36. Ng5+ {[%emt 0:00:01]} Kg8 {[%emt 0:00:01]} 37. Bc3 {[%emt 0:00:01]} Nf7 {[%emt 0:00:02]} 38. Re6 {[%emt 0:00:08]} Nxg5 {[%emt 0:00:10]} 39. Rxg6+ {[%emt 0:00:01]} Kf7 {[%emt 0:00:01]} 40. Rxg5 {[%emt 0:00:00]} Rc6 {[%emt 0:00:08]} 41. Rd1 {[%emt 0:00:06]} Rg8 {[%emt 0:00:02]} 42. Rd7+ {[%emt 0:00:06]} Ke8 {[%emt 0:00:01]} 43. Rxg8+ {[%emt 0:00:05]} Kxd7 {[%emt 0:00:01]} 44. h4 {[%emt 0:00:01]} Ne3 {[%emt 0:00:03]} 45. h5 {[%emt 0:00:03]} Rd6 {[%emt 0:00:03]} 46. Rg7+ {[%emt 0:00:05]} Ke8 {[%emt 0:00:04]} 47. Be5 {[%emt 0:00:10]} Rd2 {[%emt 0:00:03]} 48. h6 {[%emt 0:00:03]} Rg2+ {[%emt 0:00:08]} 49. Kh1 {[%emt 0:00:01]} Rf2 {[%emt 0:00:03]} 50. h7 {[%emt 0:00:05] Lyon-YOUNES resigns} 1-0

[Event "TOP16-LaBourdannais"]
[Site "TOP16-LaBourdannais"]
[Date "2021.01.09"]
[Round "11"]
[White "maten3coups"]
[Black "amiralfio"]
[Result "1-0"]
[WhiteElo "1876"]
[BlackElo "1849"]
[Annotator "NA RC"]
[PlyCount "83"]
[EventDate "2021.01.09"]
[EventType "blitz"]

1. e4 {[%emt 0:00:02]} e5 {[%emt 0:00:10]} 2. Nc3 {[%emt 0:00:04]} Nc6 {[%emt 0:00:02]} 3. g3 {[%emt 0:00:01]} h5 {[%emt 0:00:02]} 4. Nf3 {[%emt 0:00:24]} Bc5 {[%emt 0:00:08]} 5. Bg2 {[%emt 0:00:12]} d6 {[%emt 0:00:03]} 6. Nd5 {[%emt 0:00:04]} Nge7 {[%emt 0:00:14]} 7. c3 {[%emt 0:00:18]} Nxd5 {[%emt 0:00:28]} 8. exd5 {[%emt 0:00:02]} Ne7 {[%emt 0:00:00]} 9. O-O {[%emt 0:00:02]} Bf5 {[%emt 0:00:53]} 10. d4 {[%emt 0:00:03]} exd4 {[%emt 0:00:01]} 11. Nxd4 {[%emt 0:00:00]} Bg6 {[%emt 0:00:36]} 12. Re1 {[%emt 0:00:07]} O-O {[%emt 0:00:01]} 13. Bg5 {[%emt 0:00:15]} Re8 {[%emt 0:00:08]} 14. a4 {[%emt 0:00:10]} Qd7 {[%emt 0:00:15]} 15. Ne6 {[%emt 0:00:31]} fxe6 {[%emt 0:00:32]} 16. dxe6 {[%emt 0:00:00]} Qc8 {[%emt 0:00:05]} 17. b4 {[%emt 0:00:04]} Bxf2+ {[%emt 0:00:22]} 18. Kxf2 {[%emt 0:00:03]} Nc6 {[%emt 0:00:02]} 19. Qd5 {[%emt 0:01:22]} Kh7 {[%emt 0:00:15]} 20. Bh3 {[%emt 0:01:14]} Ne5 {[%emt 0:00:03]} 21. Bf4 {[%emt 0:00:04]} Nd3+ {[%emt 0:00:26]} 22. Kg2 {[%emt 0:00:02]} Nxe1+ {[%emt 0:00:34]} 23. Rxe1 {[%emt 0:00:00]} Re7 {[%emt 0:00:05]} 24. Bg5 {[%emt 0:00:19]} Qe8 {[%emt 0:00:07]} 25. Bf5 {[%emt 0:00:38]} c6 {[%emt 0:00:02]} 26. Qf3 {[%emt 0:00:11]} Bxf5 {[%emt 0:00:19]} 27. Qxf5+ {[%emt 0:00:02]} g6 {[%emt 0:00:03]} 28. Qf6 {[%emt 0:00:01]} Rg7 {[%emt 0:00:02]} 29. e7 {[%emt 0:00:01]} d5 {[%emt 0:00:09]} 30. Re6 {[%emt 0:00:05]} Qg8 {[%emt 0:00:11]} 31. Re5 {[%emt 0:00:09]} Re8 {[%emt 0:00:02]} 32. Qf4 {[%emt 0:00:02] maten3coups propose la nulle} Qf7 {[%emt 0:00:08]} 33. Qe3 {[%emt 0:00:03]} Qg8 {[%emt 0:00:06]} 34. Qxa7 {[%emt 0:00:02]} d4 {[%emt 0:00:02]} 35. Qxd4 {[%emt 0:00:02]} Qa2+ {[%emt 0:00:01]} 36. Kh3 {[%emt 0:00:02]} Qa1 {[%emt 0:00:06]} 37. Kg2 {[%emt 0:00:04]} Rf7 {[%emt 0:00:01]} 38. Qd3 {[%emt 0:00:05]} Qxa4 {[%emt 0:00:03]} 39. Bf4 {[%emt 0:00:02]} Rexe7 {[%emt 0:00:05]} 40. Rxh5+ {[%emt 0:00:01]} Kg8 {[%emt 0:00:05]} 41. Qd8+ {[%emt 0:00:05]} Kg7 {[%emt 0:00:02]} 42. Qh8# {[%emt 0:00:02] (Lag: Av=0.84s, max=2.5s) Mate} 1-0